<?xml version="1.0" encoding="UTF-8"?>
<record
    xmlns:xsi="http://www.w3.org/2001/XMLSchema-instance"
    xsi:schemaLocation="http://www.loc.gov/MARC21/slim http://www.loc.gov/standards/marcxml/schema/MARC21slim.xsd"
    xmlns="http://www.loc.gov/MARC21/slim">

  <leader>00546nam a22001217a 4500</leader>
  <datafield tag="999" ind1=" " ind2=" ">
    <subfield code="c">10342</subfield>
    <subfield code="d">10342</subfield>
  </datafield>
  <controlfield tag="003">OSt</controlfield>
  <controlfield tag="008">201203b           ||||| |||| 00| 0 eng d</controlfield>
  <datafield tag="245" ind1=" " ind2=" ">
    <subfield code="a">Journal on Electronics Engineering</subfield>
  </datafield>
  <datafield tag="250" ind1=" " ind2=" ">
    <subfield code="a">2016-17(Sep-Nov Vol.7 No.1, Dec-Feb Vol.7 No.2, Mar-May Vol.7 No.3) 2013-14(Dec-Feb Vol.4 No.2) 2014(Mar-May Vol.4 No.3, Jun-Aug Vol.4 No.4, Sep-Nov Vol.5 No.1) 2014-15(Mar-May Vol.5 No.3, Jun-Aug Vol.5 No.4)</subfield>
  </datafield>
  <datafield tag="260" ind1=" " ind2=" ">
    <subfield code="a">Kanyakumari, Tamil Nadu </subfield>
    <subfield code="b">I Manager Publications</subfield>
  </datafield>
  <datafield tag="650" ind1=" " ind2=" ">
    <subfield code="a">Electronic and Communication Engineering</subfield>
  </datafield>
  <datafield tag="942" ind1=" " ind2=" ">
    <subfield code="2">ddc</subfield>
    <subfield code="c">BV</subfield>
  </datafield>
  <datafield tag="952" ind1=" " ind2=" ">
    <subfield code="0">0</subfield>
    <subfield code="1">0</subfield>
    <subfield code="2">ddc</subfield>
    <subfield code="3">Bound Volume</subfield>
    <subfield code="4">0</subfield>
    <subfield code="7">1</subfield>
    <subfield code="8">BTECHECE</subfield>
    <subfield code="a">PIET</subfield>
    <subfield code="b">PIET</subfield>
    <subfield code="d">2021-01-11</subfield>
    <subfield code="e">I Manager Publications</subfield>
    <subfield code="h">2016-17(Sep-Nov Vol.7 No.1, Dec-Feb Vol.7 No.2, Mar-May Vol.7 No.3) 2013-14(Dec-Feb Vol.4 No.2) 2014(Mar-May Vol.4 No.3, Jun-Aug Vol.4 No.4, Sep-Nov Vol.5 No.1) 2014-15(Mar-May Vol.5 No.3, Jun-Aug Vol.5 No.4)</subfield>
    <subfield code="l">0</subfield>
    <subfield code="p">BV1010</subfield>
    <subfield code="r">2021-01-11 00:00:00</subfield>
    <subfield code="w">2013-01-09</subfield>
    <subfield code="y">BV</subfield>
  </datafield>
</record>
